Dhaulágirí - Biela hora

Bibliographic Details
Main Authors: Kováč, Marián (Author, Photographer), Kuniak, Juraj, 1955- (Author)
Format: Book
Language:Slovak
PhysicalDescription:[78] s. fareb. fotogr. 21 x 28 cm
Published: V Kordíkoch Skalná ruža 2013
ISBN:9788097001469 (viaz.)
Edition:1. vyd.
Subjects:

MARC

LEADER 00000nam a2200000 a 4500
001 vtls010572700
003 SK-MaSNL
005 20260301090406.0
008 160610s2013 xo o g 000 0 slo
015 |a SNBA2014/02 
020 |a 9788097001469 (viaz.) 
035 |a E51D6401-BFDC-4930-BD80-F5B08BFE277B 
035 |a urn:nbn:sk:snk-aml0uz 
035 |a urn:nbn:sk:snk-am008o02 
040 |a SNK  |b slo  |c SNK  |e AACR2 
041 0 |a slo 
043 |a ah----- 
044 |a xo  |c SK 
072 7 |a 913(5)  |x Geografia Ázie, reálie, cestovanie  |2 konspekt 
080 |a 908(541.35)  |2 2001 
080 |a (084.12)  |2 2001 
100 1 |a Kováč, Marián  |4 aut  |4 pht  |9 9569 
245 1 0 |a Dhaulágirí - Biela hora  |c Marián Kováč, Juraj Kuniak 
250 |a 1. vyd. 
260 |a V Kordíkoch  |b Skalná ruža  |c 2013 
300 |a [78] s.  |b fareb. fotogr.  |c 21 x 28 cm 
504 |a Pozn. 
651 7 |a Dhaulágirí (Himaláje, Nepál : vrch)  |2 SNKPH  |9 167572 
651 7 |a Dhaulágirí (Himaláje, Nepál : vrch)  |2 SNKPHeng  |9 167572 
655 7 |a fotografické publikácie  |2 SNKPH  |9 70483 
655 7 |a Photographical works  |2 SNKPHeng  |9 278887 
700 1 |a Kuniak, Juraj,  |d 1955-  |4 aut  |9 93224 
752 |a Slovensko  |d Kordíky 
919 |a 978-80-970014-6-9 
999 |c 668043  |d 669973 
952 |a SNK  |b SNK  |y PREZ  |7 0  |p 17A1103516  |o snkSC 157948  |i snk2014/2824  |8 0  |0 0  |1 0  |4 0  |d 2014-01-28  |f 1  |l 0  |r 2025-08-20 00:00:00  |w 2026-02-23 
952 |a SNK  |b SNK  |y VYP  |7 0  |p 17A1103515  |o snkSC 157948 D1  |i snk2014/2825  |8 0  |0 0  |1 0  |4 0  |d 2014-01-28  |l 0  |r 2026-02-23 19:16:35  |w 2026-02-23